000 00866cam a22002531 4500
999 _c18538
_d18538
001 6329398
003 BDDh-ASL
005 20231015025719.0
008 770505s1883 e 000 0 eng
010 _a 05001765
035 _a(OCoLC)2944426
040 _aDLC
_cODa
_dBDDh-ASL
050 0 0 _aDS478
_b.H75
082 _a954
_bHOH
100 1 _aHolmes, T. Rice
_q(Thomas Rice),
_d1855-1933.
245 1 2 _aA history of the Indian mutiny:
_band of the disturbances which accompanied it among the civil population/
_cby T. Rice Holmes.
250 _a1st ed.
260 _aLondon:
_aNew York:
_bMacmillan and co., limited,
_c1898.
300 _axvi, 604 p. :
_c23 cm.
651 0 _aIndia
_xHistory
_ySepoy Rebellion, 1857-1858.
651 0 _aIndia
_xHistory
_yBritish occupation, 1765-1947.
906 _a7
_bcbc
_coclcrpl
_du
_encip
_f19
_gy-gencatlg
942 _2ddc
_cBK